Analýza využitia simulátora HPON v optickej prístupovej sieti

Guardado en:
Detalles Bibliográficos
Autor principal: Klačan, Radoslav (Autor)
Otros Autores: Róka, Rastislav (Orientador)
Formato: Manuscrito Libro
Lenguaje:eslovaco
Publicado: 2018
Materias:
Acceso en línea:http://is.stuba.sk/zp/portal_zp.pl?podrobnosti=127480
Etiquetas: Agregar Etiqueta
Sin Etiquetas, Sea el primero en etiquetar este registro!

MARC

LEADER 00000ntm a22000003a 4500
001 stuzp60551
003 SK-STU
005 20181029103827.5
007 ta
008 150427s2015----xo-----f-mn---000-0-slo-d
040 |a STU  |b slo 
041 0 |a slo 
044 |a xo 
100 1 |a Klačan, Radoslav  |u 037000  |4 aut  |U FEI Fakulta elektrotechniky a informatiky  |T FEI Ústav multimediálnych informačných a komunikačných technológií  |X 47322  |U E070  |Y 818  |7 47322 
242 0 1 |a Analysis for the Utilization of the HPON simulator in the Optical Access Network  |y eng 
245 1 0 |a Analýza využitia simulátora HPON v optickej prístupovej sieti 
260 |c 2018 
300 |a 58 s.,  |b CD-ROM 
650 4 |a PON  |2 eng 
650 4 |a HPON  |2 eng 
650 4 |a FiWi  |2 eng 
650 4 |a WiMAX  |2 eng 
650 4 |a WiMAX  |2 slo 
650 4 |a PON  |2 slo 
650 4 |a FiWi  |2 slo 
650 4 |a HPON  |2 slo 
700 1 |a Róka, Rastislav  |u 037000  |k Z1  |4 ths  |U FEI Fakulta elektrotechniky a informatiky  |T FEI Ústav multimediálnych informačných a komunikačných technológií  |X 1946  |U E070  |Y 818  |7 A000001946 
856 4 |u http://is.stuba.sk/zp/portal_zp.pl?podrobnosti=127480 
996 |b 284EP11910  |c E*DIPL- 11910  |l EE37  |s P  |a 0  |w stuzp60551_0001